[Event "XX Keres Mem Rapid"]
[Site "Tallinn EST"]
[Date "2011.01.08"]
[Round "1"]
[White "Volodin, Aleksandr"]
[Black "Vovk, Ilja"]
[Result "0-1"]
[WhiteElo "2487"]
[BlackElo "2267"]
[PlyCount "56"]
[EventDate "2011.01.07"]

1. d4 f5 2. Bg5 g6 3. e3 Bg7 4. Nf3 Nf6 5. Nbd2 d6 6. c3 O-O 7. Qb3+ Kh8 8. h4
Nh5 9. Be2 Qe8 10. Bf4 e5 11. Bh2 a5 12. dxe5 dxe5 13. Nc4 f4 14. O-O a4 15.
Qa3 Nc6 16. exf4 Nxf4 17. Rfe1 Bg4 18. Bxf4 Rxf4 19. Ne3 Bxf3 20. Bxf3 Rxf3 21.
gxf3 Qf7 22. Qc5 Qxf3 23. Qd5 e4 24. Ng2 Rf8 25. Qd2 Ne5 26. Qe3 Qg4 27. Qxe4
Nf3+ 28. Kf1 Nd2+ 0-1

[Event "XX Keres Mem Rapid"]
[Site "Tallinn EST"]
[Date "2011.01.08"]
[Round "1"]
[White "Miezis, Normunds"]
[Black "Kovaljov, Denis"]
[Result "1-0"]
[WhiteElo "2546"]
[BlackElo "2274"]
[PlyCount "49"]
[EventDate "2011.01.07"]

1. c4 Nf6 2. Nc3 e5 3. g3 Nc6 4. Bg2 d6 5. d3 Be7 6. e3 O-O 7. Nge2 Bg4 8. h3
Be6 9. g4 Nd7 10. b3 Bh4 11. d4 f5 12. d5 fxg4 13. dxe6 Rxf2 14. Bd5 Rf1+ 15.
Kxf1 Qf6+ 16. Nf4 exf4 17. exd7+ Kh8 18. hxg4 fxe3+ 19. Qf3 Qxc3 20. Rxh4 Qxa1
21. Rxh7+ Kxh7 22. Qh3+ Kg6 23. Qh5+ Kf6 24. Qf5+ Ke7 25. Qf7+ 1-0

[Event "XX Keres Mem Rapid"]
[Site "Tallinn EST"]
[Date "2011.01.08"]
[Round "2"]
[White "Shirov, Alexei"]
[Black "Smirnov, Artem"]
[Result "1/2-1/2"]
[WhiteElo "2722"]
[BlackElo "2428"]
[PlyCount "104"]
[EventDate "2011.01.07"]

1. e4 e5 2. Nf3 Nc6 3. Bb5 Nf6 4. O-O Nxe4 5. d4 Nd6 6. Bxc6 dxc6 7. dxe5 Nf5
8. Qxd8+ Kxd8 9. Nc3 h5 10. Bg5+ Be7 11. Rad1+ Ke8 12. Rd3 Be6 13. Rfd1 f6 14.
exf6 gxf6 15. Bf4 Rc8 16. Ne2 c5 17. Bc1 Bc4 18. R3d2 Bd6 19. b3 Be6 20. c4 Kf7
21. Nc3 Rhg8 22. Rd3 Rg4 23. Nb5 Be7 24. h3 Rg6 25. Bf4 Rcg8 26. g3 c6 27. Nc7
Bc8 28. Kh2 Rh8 29. Nd2 Nd4 30. Nf3 Nxf3+ 31. Rxf3 Rd8 32. Rxd8 Bxd8 33. Bd6
Rg8 34. Re3 b6 35. a3 h4 36. gxh4 f5 37. h5 Rh8 38. Bf4 Rxh5 39. Ne8 Be7 40.
Nd6+ Bxd6 41. Bxd6 Be6 42. Bb8 a6 43. Ba7 b5 44. f4 bxc4 45. bxc4 Bxc4 46. Bxc5
Be6 47. Bd4 Rh4 48. Kg3 Rh6 49. Re5 Rg6+ 50. Kh2 Rg8 51. a4 Rd8 52. Be3 Rd5
1/2-1/2

[Event "XX Keres Mem Rapid"]
[Site "Tallinn EST"]
[Date "2011.01.08"]
[Round "2"]
[White "Vovk, Ilja"]
[Black "Miezis, Normunds"]
[Result "0-1"]
[WhiteElo "2267"]
[BlackElo "2546"]
[PlyCount "68"]
[EventDate "2011.01.07"]

1. e4 c5 2. d4 cxd4 3. c3 dxc3 4. Nxc3 e6 5. Nf3 a6 6. Bf4 Nc6 7. e5 Nge7 8.
Bd3 Ng6 9. Bg3 f5 10. h4 b5 11. h5 Nge7 12. O-O Bb7 13. a4 b4 14. Ne2 Ng8 15.
Nfd4 Nxd4 16. Nxd4 Bc5 17. Bc4 Qb6 18. a5 Qa7 19. Nxe6 dxe6 20. Bxe6 Be4 21.
Rc1 Rd8 22. Qb3 Rd3 23. Qa4+ Ke7 24. Bh4+ Kxe6 25. Qe8+ Be7 26. Rc6+ Kxe5 27.
Rfc1 Bxc6 28. Qxc6 Nf6 29. Bxf6+ gxf6 30. Re1+ Kf4 31. Kh2 Bd6 32. g3+ Kg5 33.
Qc1+ f4 34. Qc2 Qd4 0-1

[Event "XX Keres Mem Rapid"]
[Site "Tallinn EST"]
[Date "2011.01.08"]
[Round "3"]
[White "Volodin, Aleksandr"]
[Black "Shirov, Alexei"]
[Result "0-1"]
[WhiteElo "2487"]
[BlackElo "2722"]
[PlyCount "62"]
[EventDate "2011.01.07"]

1. d4 d5 2. c4 c6 3. Nf3 Nf6 4. Nc3 dxc4 5. e4 b5 6. e5 Nd5 7. a4 e6 8. axb5
Nxc3 9. bxc3 cxb5 10. Ng5 Bb7 11. Qg4 Nc6 12. Be2 Ne7 13. O-O Nf5 14. Ne4 h5
15. Qf4 Be7 16. Bf3 Bd5 17. Re1 g5 18. Qd2 Kf8 19. g3 a5 20. Bg2 b4 21. Qe2 g4
22. Bb2 Kg7 23. h3 gxh3 24. Bxh3 Rh6 25. Nd2 Rc8 26. Rac1 b3 27. Ra1 Nxd4 28.
cxd4 c3 29. Nxb3 cxb2 30. Qxb2 Rb8 31. Re3 Qb6 0-1

[Event "XX Keres Mem Rapid"]
[Site "Tallinn EST"]
[Date "2011.01.08"]
[Round "3"]
[White "Kovaljov, Denis"]
[Black "Vovk, Ilja"]
[Result "0-1"]
[WhiteElo "2274"]
[BlackElo "2267"]
[PlyCount "86"]
[EventDate "2011.01.07"]

1. d4 f5 2. c4 Nf6 3. Nc3 d6 4. Nf3 g6 5. g3 Bg7 6. Bg2 O-O 7. O-O Nc6 8. d5
Ne5 9. Qb3 Kh8 10. Nd4 a6 11. h3 Nh5 12. e3 g5 13. Nce2 Qe8 14. f4 gxf4 15.
exf4 Nf7 16. Be3 Nd8 17. Rae1 e5 18. dxe6 Nxe6 19. Nxe6 Bxe6 20. Bd4 Qf7 21.
Bxg7+ Qxg7 22. Kh2 Rae8 23. Bf3 Nf6 24. Qc3 b5 25. cxb5 axb5 26. Nd4 Bc8 27.
Nxb5 Ba6 28. a4 Bxb5 29. axb5 Ne4 30. Qxg7+ Kxg7 31. Rc1 Re7 32. Rc2 Rb8 33.
Be2 Kf6 34. g4 Nc5 35. g5+ Kg6 36. h4 Rbe8 37. h5+ Kg7 38. Bc4 Re4 39. b4 Na4
40. Bd3 Rd4 41. Bxf5 Re7 42. h6+ Kg8 43. Kg3 Rxb4 0-1

[Event "XX Keres Mem Rapid"]
[Site "Tallinn EST"]
[Date "2011.01.08"]
[Round "3"]
[White "Smirnov, Artem"]
[Black "Lugovoi, Aleksei"]
[Result "1/2-1/2"]
[WhiteElo "2428"]
[BlackElo "2531"]
[PlyCount "112"]
[EventDate "2011.01.07"]

1. d4 e6 2. c4 Nf6 3. Nf3 d5 4. Nc3 c5 5. e3 Nc6 6. a3 a6 7. dxc5 Bxc5 8. b4
Ba7 9. Bb2 O-O 10. Qc2 Qe7 11. Rd1 Rd8 12. Be2 dxc4 13. Rxd8+ Nxd8 14. Bxc4 b5
15. Bd3 Bb7 16. O-O Rc8 17. Qb1 Bb8 18. Ne2 h6 19. Ng3 Bd5 20. Rc1 Rxc1+ 21.
Qxc1 Bb7 22. Qc3 Qc7 23. Qd2 Nd7 24. Bb1 f6 25. Nd4 Nf8 26. Ba2 h5 27. f4 h4
28. Nf1 Bd5 29. Bxd5 exd5 30. Nf3 Qc4 31. Nxh4 Nf7 32. Nf5 Ng6 33. h4 Qe4 34.
N1g3 Qe6 35. h5 Ne7 36. Nxe7+ Qxe7 37. Nf5 Qe4 38. Ng3 Qe6 39. Bd4 Nd6 40. Qc2
Nc4 41. Kf2 Qg4 42. Qf5 Qxf5 43. Nxf5 Kf7 44. h6 gxh6 45. Nxh6+ Kg6 46. Ng8
Nxa3 47. Ne7+ Kf7 48. Nxd5 f5 49. Kf3 Nc4 50. Bc3 Ke6 51. Nf6 a5 52. bxa5 b4
53. Bd4 b3 54. Nh5 Ba7 55. Bc3 Nxe3 56. a6 Nd1 1/2-1/2

[Event "XX Keres Mem Rapid"]
[Site "Tallinn EST"]
[Date "2011.01.09"]
[Round "4"]
[White "Lugovoi, Aleksei"]
[Black "Vovk, Ilja"]
[Result "1-0"]
[WhiteElo "2531"]
[BlackElo "2267"]
[PlyCount "129"]
[EventDate "2011.01.07"]

1. d4 f5 2. c4 Nf6 3. Nc3 d6 4. Nf3 g6 5. g3 Bg7 6. Bg2 O-O 7. O-O Nc6 8. d5
Ne5 9. Qb3 Nxf3+ 10. exf3 e5 11. dxe6 Bxe6 12. f4 Rb8 13. Re1 Bf7 14. Nd5 c6
15. Nxf6+ Qxf6 16. Qc2 Qd4 17. Bf1 d5 18. Rb1 dxc4 19. Be3 Qe4 20. Qxe4 fxe4
21. Bxa7 Ra8 22. Bc5 Rfe8 23. a3 Bd5 24. Rec1 b5 25. Bg2 Ra4 26. Rc2 Rea8 27.
Bb4 Re8 28. Bd2 Bd4 29. Be3 Bxe3 30. fxe3 Kf7 31. Rd1 Ke6 32. h4 Kd6 33. g4 Kc5
34. g5 Rb8 35. Rd4 Re8 36. Bf1 Kd6 37. Kf2 Ra7 38. Ke1 Rb8 39. Kf2 Re8 40. Kg3
Rf8 41. h5 Kc5 42. h6 Kd6 43. Bh3 Kc5 44. f5 gxf5 45. Kf4 Rb7 46. Bf1 Re7 47.
b3 Ra7 48. bxc4 bxc4 49. Bxc4 Kd6 50. Bxd5 cxd5 51. Rb2 Rxa3 52. Rb5 Ra1 53.
Rdxd5+ Ke6 54. Re5+ Kd6 55. Rxf5 Rf1+ 56. Kxe4 Re8+ 57. Rfe5 Ra8 58. Rbd5+ Kc6
59. Re6+ Kc7 60. Re7+ Kc6 61. Rxh7 Rg1 62. Re5 Kd6 63. Rhe7 Rf1 64. R5e6+ Kc5
65. Rc7+ 1-0

[Event "XX Keres Mem Rapid"]
[Site "Tallinn EST"]
[Date "2011.01.09"]
[Round "4"]
[White "Smirnov, Artem"]
[Black "Volodin, Aleksandr"]
[Result "0-1"]
[WhiteElo "2428"]
[BlackElo "2487"]
[PlyCount "107"]
[EventDate "2011.01.07"]

1. d4 Nf6 2. Nf3 c5 3. d5 b5 4. Bg5 Qa5+ 5. c3 d6 6. Nbd2 Nbd7 7. e4 Rb8 8. Bd3
h6 9. Bh4 g6 10. O-O Bg7 11. a4 b4 12. Nc4 Qc7 13. a5 O-O 14. Qc2 Re8 15. Nfd2
bxc3 16. bxc3 g5 17. Bg3 Nh5 18. Ne3 Ne5 19. Bxe5 Bxe5 20. Ndc4 Bg7 21. g3 Bh3
22. Rfe1 Bd7 23. Be2 Nf6 24. f4 e6 25. dxe6 Bxe6 26. Bf3 Rbd8 27. Nd2 Bc8 28.
Bg2 a6 29. Ra3 gxf4 30. gxf4 Be6 31. Raa1 Ng4 32. Nd5 Bxd5 33. exd5 c4 34. h3
Qc5+ 35. Kh1 Nf2+ 36. Kh2 Nd3 37. Rxe8+ Rxe8 38. Ne4 Qe3 39. Ng3 Qxf4 40. Rf1
Qe5 41. Qd1 Qxc3 42. Qh5 Re7 43. Nf5 Qe5+ 44. Kh1 Rb7 45. Qg4 Kh8 46. Nxg7 Rb2
47. Nf5 Nf2+ 48. Rxf2 Rxf2 49. Ng3 Rf6 50. Be4 Qa1+ 51. Kh2 Qb2+ 52. Bg2 Rg6
53. Qxc4 Qe5 54. Qd3 0-1

[Event "XX Keres Mem Rapid"]
[Site "Tallinn EST"]
[Date "2011.01.09"]
[Round "5"]
[White "Miezis, Normunds"]
[Black "Smirnov, Artem"]
[Result "1-0"]
[WhiteElo "2546"]
[BlackElo "2428"]
[PlyCount "85"]
[EventDate "2011.01.07"]

1. c4 e5 2. Nc3 Bb4 3. g3 Bxc3 4. dxc3 d6 5. e4 Nc6 6. Bg2 Nge7 7. Nf3 h6 8.
Nd2 Be6 9. Qe2 Qd7 10. h3 a6 11. b3 O-O 12. Bb2 Ng6 13. Nf1 b5 14. Ne3 bxc4 15.
Nxc4 a5 16. Rd1 Nge7 17. Bc1 Kh8 18. Ne3 Rae8 19. Ng4 f5 20. exf5 Bxf5 21. O-O
Ng6 22. Kh2 e4 23. Ne3 Nd8 24. Rd5 Be6 25. Rh5 Bf7 26. Rxa5 d5 27. Rd1 c6 28.
c4 d4 29. Nf5 Qc7 30. b4 d3 31. Qe3 Bxc4 32. Bb2 Rxf5 33. Rxf5 Kh7 34. h4 Nxh4
35. Bxe4 Kg8 36. Rf4 Ng6 37. Bd5+ Bxd5 38. Qxe8+ Kh7 39. Rf5 Be6 40. Rxd3 Bxf5
41. Rxd8 Be6 42. a3 Bf7 43. Qd7 1-0

[Event "XX Keres Mem Rapid"]
[Site "Tallinn EST"]
[Date "2011.01.09"]
[Round "5"]
[White "Kovaljov, Denis"]
[Black "Shirov, Alexei"]
[Result "0-1"]
[WhiteElo "2274"]
[BlackElo "2722"]
[PlyCount "89"]
[EventDate "2011.01.07"]

1. d4 d5 2. Nf3 c6 3. c3 Nf6 4. Bg5 Nbd7 5. Nbd2 g6 6. e3 Bg7 7. Be2 O-O 8. O-O
Re8 9. b4 e5 10. Nb3 Qc7 11. Rc1 Ne4 12. Bh4 Nd6 13. Nc5 Nxc5 14. bxc5 Nf5 15.
Bg3 Nxg3 16. hxg3 e4 17. Nd2 b5 18. cxb6 axb6 19. c4 Qa7 20. cxd5 cxd5 21. Bb5
Bd7 22. a4 Bxb5 23. axb5 Qa5 24. Nb1 Qxb5 25. Nc3 Qd7 26. Qb3 Red8 27. Qxb6 h5
28. Ne2 Qg4 29. Nf4 g5 30. Nh3 h4 31. gxh4 Qxh4 32. Qc7 Qg4 33. Qe7 Bh6 34. Rc7
Qe6 35. Qc5 Ra6 36. Re7 Qf6 37. Qc7 Rda8 38. Re5 g4 39. Nf4 Bxf4 40. exf4 Ra1
41. Rg5+ Kh7 42. g3 e3 43. Qe5 exf2+ 44. Kg2 Qxe5 45. fxe5 0-1

[Event "XX Keres Mem Rapid"]
[Site "Tallinn EST"]
[Date "2011.01.09"]
[Round "5"]
[White "Volodin, Aleksandr"]
[Black "Lugovoi, Aleksei"]
[Result "1/2-1/2"]
[WhiteElo "2487"]
[BlackElo "2531"]
[PlyCount "44"]
[EventDate "2011.01.07"]

1. d4 Nf6 2. c4 e6 3. Nf3 d5 4. Nc3 c5 5. cxd5 Nxd5 6. e3 Nc6 7. Be2 Be7 8. O-O
cxd4 9. exd4 O-O 10. Qb3 Bf6 11. Rd1 Nce7 12. Ne4 b6 13. Nxf6+ Nxf6 14. Bf4 Bb7
15. Rac1 Ned5 16. Be5 Qe7 17. h3 Rfc8 18. a3 Qd8 19. Nd2 Rxc1 20. Rxc1 Rc8 21.
Rxc8 Qxc8 22. Qc4 Qd7 1/2-1/2

[Event "XX Keres Mem Rapid"]
[Site "Tallinn EST"]
[Date "2011.01.09"]
[Round "6"]
[White "Shirov, Alexei"]
[Black "Vovk, Ilja"]
[Result "1-0"]
[WhiteElo "2722"]
[BlackElo "2267"]
[PlyCount "81"]
[EventDate "2011.01.07"]

1. e4 e5 2. Nf3 Nc6 3. Bb5 a6 4. Ba4 Nf6 5. O-O Be7 6. Re1 b5 7. Bb3 d6 8. c3
O-O 9. h3 Na5 10. Bc2 c5 11. d4 Nd7 12. Nbd2 exd4 13. cxd4 Nc6 14. d5 Nce5 15.
a4 Bb7 16. Nxe5 Nxe5 17. f4 Ng6 18. Nf3 Bh4 19. Nxh4 Qxh4 20. Rf1 f5 21. exf5
Ne7 22. axb5 axb5 23. Rxa8 Bxa8 24. Qe2 Bxd5 25. Qxb5 Qg3 26. Rf2 Ra8 27. Qd7
Bc6 28. Qe6+ Kh8 29. Qxe7 Re8 30. Qg5 Qxg5 31. fxg5 Re1+ 32. Kh2 Rxc1 33. f6
gxf6 34. gxf6 Kg8 35. Bxh7+ Kf8 36. g4 Rh1+ 37. Kg3 Rg1+ 38. Kf4 Kf7 39. Kg5
Bd7 40. Bg6+ Kf8 41. Rd2 1-0

[Event "XX Keres Mem Rapid"]
[Site "Tallinn EST"]
[Date "2011.01.09"]
[Round "6"]
[White "Volodin, Aleksandr"]
[Black "Miezis, Normunds"]
[Result "0-1"]
[WhiteElo "2487"]
[BlackElo "2546"]
[PlyCount "52"]
[EventDate "2011.01.07"]

1. d4 Nf6 2. c4 e5 3. dxe5 Ng4 4. Bf4 Nc6 5. Nf3 Bb4+ 6. Nc3 Qe7 7. Qd5 f6 8.
exf6 Bxc3+ 9. bxc3 Nxf6 10. Qd3 d6 11. g3 Ne4 12. Bg2 Nc5 13. Qe3 Ne6 14. O-O
O-O 15. Qd2 Nxf4 16. gxf4 Be6 17. Nd4 Nxd4 18. Qxd4 Rf6 19. e3 Rh6 20. Bd5 Kh8
21. Bxe6 Qh4 22. h3 Rxe6 23. Kg2 Rg6+ 24. Kf3 Qh5+ 25. Ke4 Qe2 26. Rae1 Re8+
0-1